MARC details
| 000 -CABECERA |
| campo de control de longitud fija |
00906cam a2200265 a 4500 |
| 001 - NÚMERO DE CONTROL |
| campo de control |
000008959 |
| 005 - FECHA Y HORA DE LA ÚLTIMA TRANSACCIÓN |
| campo de control |
20240305134030.0 |
| 008 - DATOS DE LONGITUD FIJA--INFORMACIÓN GENERAL |
| campo de control de longitud fija |
780112r19211914sp 001 f spa |
| 035 ## - NÚMERO DE CONTROL DEL SISTEMA |
| Número de control de sistema |
(DLC) 30001650 |
| 035 ## - NÚMERO DE CONTROL DEL SISTEMA |
| Número de control de sistema |
(OCoLC)3552378 |
| 040 ## - FUENTE DE LA CATALOGACIÓN |
| Centro catalogador/agencia de origen |
DO-SdBNP |
| Centro/agencia transcriptor |
FU |
| Centro/agencia modificador |
BNPHU |
| 082 ## - NÚMERO DE LA CLASIFICACIÓN DECIMAL DEWEY |
| Número de clasificación |
G863.4 |
| Número de documento/Ítem |
G633e |
| 049 ## - FONDOS LOCALES (OCLC) |
| Fondos de biblioteca |
BNGR |
| 100 1# - ENTRADA PRINCIPAL--NOMBRE DE PERSONA |
| Nombre de persona |
Gómez Carrillo, Enrique, |
| Fechas asociadas al nombre |
1873-1927 |
| 9 (RLIN) |
16677 |
| 245 13 - MENCIÓN DE TÍTULO |
| Título |
El encanto de Buenos Aires / |
| Mención de responsabilidad, etc. |
Enrique Gómez Carrillo. |
| 260 ## - PUBLICACIÓN, DISTRIBUCIÓN, ETC. |
| Lugar de publicación, distribución, etc. |
Madrid : |
| Nombre del editor, distribuidor, etc. |
"Mundo latino", |
| Fecha de publicación, distribución, etc. |
1921. |
| 300 ## - DESCRIPCIÓN FÍSICA |
| Extensión |
241, iv p. ; |
| Dimensiones |
19 cm. |
| 490 1# - MENCIÓN DE SERIE |
| Mención de serie |
Obras completas. |
| Designación de volumen o secuencia |
t. xix |
| Mención de serie |
Administración |
| 500 ## - NOTA GENERAL |
| Nota general |
Publicado por primera vez en Madrid, 1914. |
| 650 #4 - PUNTO DE ACCESO ADICIONAL DE MATERIA--TÉRMINO DE MATERIA |
| Término de materia o nombre geográfico como elemento de entrada |
Novela guatemalteca |
| 9 (RLIN) |
5392 |
| 650 #4 - PUNTO DE ACCESO ADICIONAL DE MATERIA--TÉRMINO DE MATERIA |
| Término de materia o nombre geográfico como elemento de entrada |
Literatura guatemalteca |
| 9 (RLIN) |
5393 |
| 800 1# - PUNTO DE ACCESO ADICIONAL DE SERIE--NOMBRE DE PERSONA |
| Nombre de persona |
Gómez Carrillo, Enrique, |
| Fechas asociadas al nombre |
1873-1927 |
| Designación de volumen o secuencia |
t. 19. |
| 9 (RLIN) |
16677 |
| 830 #0 - PUNTO DE ACCESO ADICIONAL DE SERIE-TÍTULO UNIFORME |
| Título uniforme |
Obras completas. |
| Designación de volumen o secuencia |
t. xix |
| Nombre de parte o sección de la obra |
Administración |
| 9 (RLIN) |
23552 |
| 910 ## - DATOS DE OPCIÓN DEL USUARIO (OCLC) |
| Datos de opción del usuario |
Catalogación por copia / LC |